000 00381nam a2200133Ia 4500
008 100328s9999 xx 000 0 und d
082 _b70967
100 _aठाकूर दिलीप.
245 _aवलय आणि वळणे
260 _bसायली
630 _aवलय आणि वळणे
730 _aवलय आणि वळणे
942 _cBOOK
999 _c556692
_d556689